Limited Coognitive Capacities andt heir Effect on Recruiting
Guardado en:
| Autor principal: | |
|---|---|
| Formato: | Capítulo de libro |
| Lenguaje: | inglés |
| Materias: | |
| Etiquetas: |
Sin Etiquetas, Sea el primero en etiquetar este registro!
|
MARC
| LEADER | 00000naa$a2200000$$$4500 | ||
|---|---|---|---|
| 001 | 0183709 | ||
| 005 | 20240502083432.1 | ||
| 041 | 0 | |a eng | |
| 044 | |a CH | ||
| 245 | 1 | 0 | |a Limited Coognitive Capacities andt heir Effect on Recruiting |c Róbert Hanák |
| 500 | |a Abstrakt | ||
| 610 | 2 | 0 | |a nábor pracovníkov |
| 610 | 2 | 0 | |a lízing personálny |
| 610 | 2 | 0 | |a sprostredkovanie práce |
| 610 | 2 | 0 | |a schopnosti pracovné |
| 610 | 2 | 0 | |a správanie sociálne |
| 610 | 2 | 0 | |a etika |
| 100 | 1 | |a Hanák, Róbert, 1979- | |